[Event "DEM U10w 2022"]
[Site "Willingen GER"]
[Date "2022.06.05"]
[Round "1"]
[White "Heidtkamp, Anna"]
[Black "Stiehler, Ellen"]
[Result "1-0"]
[Termination "normal"]
[Board "5"]
[WhiteElo "1163"]
[BlackElo "918"]
[WhiteClock "00:43:58"]
[BlackClock "01:13:27"]
[PlyCount "101"]
[WhiteFideId "16269012"]
[BlackFideId "34663908"]
[EventCountry "GER"]
[EventRounds "11"]
[EventType "swiss"]
[EventDate "2022.06.04"]

1. e4 {[%clk 01:15:57]} {[%emt 00:00:02]} d5 {[%clk 01:15:57]} {[%emt
00:00:03]} 2. exd5 {[%clk 01:16:07]} {[%emt 00:00:21]} Qxd5 {[%clk 01:16:18]}
{[%emt 00:00:09]} 3. Nc3 {[%clk 01:16:03]} {[%emt 00:00:34]} Qa5 {[%clk
01:16:38]} {[%emt 00:00:10]} 4. Nf3 {[%clk 01:16:04]} {[%emt 00:00:29]} c6
{[%clk 01:16:58]} {[%emt 00:00:10]} 5. Bc4 {[%clk 01:15:45]} {[%emt 00:00:49]}
Nf6 {[%clk 01:16:57]} {[%emt 00:00:31]} 6. h3 {[%clk 01:14:05]} {[%emt
00:02:10]} Bf5 {[%clk 01:16:51]} {[%emt 00:00:35]} 7. d3 {[%clk 01:13:52]}
{[%emt 00:00:43]} Nbd7 {[%clk 01:17:10]} {[%emt 00:00:12]} 8. O-O {[%clk
01:12:24]} {[%emt 00:01:58]} O-O-O {[%clk 01:17:22]} {[%emt 00:00:19]} 9. Bf4
{[%clk 01:12:23]} {[%emt 00:00:30]} e5 {[%clk 01:16:17]} {[%emt 00:01:36]} 10.
Bh2 {[%clk 01:10:13]} {[%emt 00:02:39]} Qb4 {[%clk 01:15:46]} {[%emt 00:01:00]}
11. Rb1 {[%clk 01:10:10]} {[%emt 00:00:33]} Bg6 {[%clk 01:15:23]} {[%emt
00:00:54]} 12. Nxe5 {[%clk 01:09:12]} {[%emt 00:01:28]} Bd6 {[%clk 01:14:25]}
{[%emt 00:01:26]} 13. Nxf7 {[%clk 01:04:43]} {[%emt 00:05:00]} Bxf7 {[%clk
01:14:21]} {[%emt 00:00:35]} 14. Bxd6 {[%clk 01:01:33]} {[%emt 00:03:40]} Qxd6
{[%clk 01:13:22]} {[%emt 00:01:28]} 15. Bxf7 {[%clk 01:01:44]} {[%emt
00:00:20]} Qb4 {[%clk 01:10:36]} {[%emt 00:03:15]} 16. Re1 {[%clk 00:56:18]}
{[%emt 00:05:57]} Nc5 {[%clk 01:10:33]} {[%emt 00:00:33]} 17. a3 {[%clk
00:54:38]} {[%emt 00:02:10]} Qh4 {[%clk 01:10:22]} {[%emt 00:00:40]} 18. Qf3
{[%clk 00:47:32]} {[%emt 00:07:37]} Rhf8 {[%clk 01:07:26]} {[%emt 00:03:25]}
19. Ba2 {[%clk 00:44:29]} {[%emt 00:03:34]} Nd5 {[%clk 01:06:40]} {[%emt
00:01:16]} 20. Qg4+ {[%clk 00:44:31]} {[%emt 00:00:28]} Qxg4 {[%clk 01:06:48]}
{[%emt 00:00:22]} 21. hxg4 {[%clk 00:44:52]} {[%emt 00:00:09]} Nxc3 {[%clk
01:06:53]} {[%emt 00:00:24]} 22. bxc3 {[%clk 00:45:07]} {[%emt 00:00:15]} Rf4
{[%clk 01:06:44]} {[%emt 00:00:40]} 23. f3 {[%clk 00:45:19]} {[%emt 00:00:19]}
Ra4 {[%clk 01:07:01]} {[%emt 00:00:11]} 24. Be6+ {[%clk 00:40:11]} {[%emt
00:05:39]} Nxe6 {[%clk 01:07:14]} {[%emt 00:00:17]} 25. Rxe6 {[%clk 00:40:34]}
{[%emt 00:00:06]} Rxa3 {[%clk 01:07:31]} {[%emt 00:00:14]} 26. Re7 {[%clk
00:40:50]} {[%emt 00:00:14]} Rd7 {[%clk 01:07:43]} {[%emt 00:00:18]} 27. Re8+
{[%clk 00:40:56]} {[%emt 00:00:24]} Rd8 {[%clk 01:07:57]} {[%emt 00:00:16]} 28.
Rxd8+ {[%clk 00:41:04]} {[%emt 00:00:22]} Kxd8 {[%clk 01:08:18]} {[%emt
00:00:09]} 29. Rxb7 {[%clk 00:41:28]} {[%emt 00:00:06]} Rxc3 {[%clk 01:08:34]}
{[%emt 00:00:14]} 30. Rxa7 {[%clk 00:41:44]} {[%emt 00:00:15]} Rxc2 {[%clk
01:08:53]} {[%emt 00:00:10]} 31. Rxg7 {[%clk 00:42:06]} {[%emt 00:00:07]} Rd2
{[%clk 01:08:55]} {[%emt 00:00:29]} 32. Rxh7 {[%clk 00:42:01]} {[%emt
00:00:35]} Rxd3 {[%clk 01:09:17]} {[%emt 00:00:08]} 33. Rf7 {[%clk 00:39:45]}
{[%emt 00:02:46]} c5 {[%clk 01:09:38]} {[%emt 00:00:10]} 34. g5 {[%clk
00:40:00]} {[%emt 00:00:14]} Ke8 {[%clk 01:09:56]} {[%emt 00:00:12]} 35. g6
{[%clk 00:40:24]} {[%emt 00:00:06]} c4 {[%clk 01:10:14]} {[%emt 00:00:12]} 36.
Rc7 {[%clk 00:40:45]} {[%emt 00:00:08]} Kf8 {[%clk 01:10:31]} {[%emt 00:00:13]}
37. Rxc4 {[%clk 00:41:02]} {[%emt 00:00:14]} Rd1+ {[%clk 01:10:50]} {[%emt
00:00:10]} 38. Kh2 {[%clk 00:41:25]} {[%emt 00:00:07]} Kg7 {[%clk 01:11:11]}
{[%emt 00:00:10]} 39. Rg4 {[%clk 00:41:53]} {[%emt 00:00:02]} Rd8 {[%clk
01:11:21]} {[%emt 00:00:20]} 40. f4 {[%clk 00:41:48]} {[%emt 00:00:34]} Kh6
{[%clk 01:11:43]} {[%emt 00:00:08]} 41. f5 {[%clk 00:41:13]} {[%emt 00:01:06]}
Kh5 {[%clk 01:12:03]} {[%emt 00:00:09]} 42. Rg3 {[%clk 00:41:36]} {[%emt
00:00:08]} Rg8 {[%clk 01:12:14]} {[%emt 00:00:19]} 43. g7 {[%clk 00:41:47]}
{[%emt 00:00:19]} Kh6 {[%clk 01:12:37]} {[%emt 00:00:07]} 44. f6 {[%clk
00:42:11]} {[%emt 00:00:06]} Rd8 {[%clk 01:12:34]} {[%emt 00:00:33]} 45. g8=Q
{[%clk 00:42:24]} {[%emt 00:00:17]} Rxg8 {[%clk 01:12:42]} {[%emt 00:00:22]}
46. Rxg8 {[%clk 00:42:48]} {[%emt 00:00:06]} Kh7 {[%clk 01:12:51]} {[%emt
00:00:21]} 47. Rg3 {[%clk 00:43:10]} {[%emt 00:00:08]} Kh6 {[%clk 01:12:40]}
{[%emt 00:00:41]} 48. f7 {[%clk 00:43:34]} {[%emt 00:00:05]} Kh7 {[%clk
01:13:04]} {[%emt 00:00:06]} 49. Kh1 {[%clk 00:43:42]} {[%emt 00:00:22]} Kh8
{[%clk 01:13:05]} {[%emt 00:00:29]} 50. f8=Q+ {[%clk 00:43:58]} {[%emt
00:00:15]} Kh7 {[%clk 01:13:27]} {[%emt 00:00:08]} 51. Qg7# {[%emt 00:00:06]}
1-0

[Event "DEM U10w 2022"]
[Site "Willingen GER"]
[Date "2022.06.05"]
[Round "1"]
[White "Döscher, Nayla"]
[Black "Fruth, Julia"]
[Result "0-1"]
[Termination "normal"]
[Board "6"]
[WhiteElo "908"]
[BlackElo "1037"]
[WhiteClock "01:06:29"]
[BlackClock "00:39:27"]
[PlyCount "80"]
[WhiteFideId "34625046"]
[BlackFideId "34603050"]
[EventCountry "GER"]
[EventRounds "11"]
[EventType "swiss"]
[EventDate "2022.06.04"]

1. e4 {[%clk 01:15:56]} {[%emt 00:00:03]} e5 {[%clk 01:15:50]} {[%emt
00:00:09]} 2. Nc3 {[%clk 01:16:19]} {[%emt 00:00:08]} Nf6 {[%clk 01:16:09]}
{[%emt 00:00:10]} 3. Nf3 {[%clk 01:16:38]} {[%emt 00:00:12]} Nc6 {[%clk
01:16:28]} {[%emt 00:00:11]} 4. Bb5 {[%clk 01:16:58]} {[%emt 00:00:10]} Nd4
{[%clk 01:15:52]} {[%emt 00:01:05]} 5. Nxe5 {[%clk 01:17:08]} {[%emt 00:00:20]}
Qe7 {[%clk 01:15:26]} {[%emt 00:00:55]} 6. f4 {[%clk 01:16:19]} {[%emt
00:01:21]} Nxb5 {[%clk 01:14:01]} {[%emt 00:01:56]} 7. Nxb5 {[%clk 01:16:35]}
{[%emt 00:00:14]} Nxe4 {[%clk 01:12:45]} {[%emt 00:01:40]} 8. Nxc7+ {[%clk
01:16:34]} {[%emt 00:00:36]} Kd8 {[%clk 01:12:28]} {[%emt 00:00:35]} 9. Nxa8
{[%clk 01:16:54]} {[%emt 00:00:23]} f6 {[%clk 01:09:26]} {[%emt 00:03:25]} 10.
Nc4 {[%clk 01:16:14]} {[%emt 00:01:16]} Nc3+ {[%clk 01:09:06]} {[%emt
00:00:48]} 11. Kf1 {[%clk 01:15:40]} {[%emt 00:01:06]} Nxd1 {[%clk 01:08:53]}
{[%emt 00:00:43]} 12. d3 {[%clk 01:14:47]} {[%emt 00:01:22]} Qc5 {[%clk
01:04:26]} {[%emt 00:04:52]} 13. Ke1 {[%clk 01:11:01]} {[%emt 00:04:21]} Bd6
{[%clk 00:54:52]} {[%emt 00:10:02]} 14. Kxd1 {[%clk 01:11:04]} {[%emt
00:00:30]} Qh5+ {[%clk 00:53:23]} {[%emt 00:01:56]} 15. Ke1 {[%clk 01:11:02]}
{[%emt 00:00:35]} Re8+ {[%clk 00:52:42]} {[%emt 00:01:10]} 16. Be3 {[%clk
01:11:12]} {[%emt 00:00:20]} Bxf4 {[%clk 00:51:40]} {[%emt 00:01:33]} 17. Kd2
{[%clk 01:10:05]} {[%emt 00:01:37]} Bxe3+ {[%clk 00:50:35]} {[%emt 00:01:34]}
18. Nxe3 {[%clk 01:10:14]} {[%emt 00:00:22]} Qa5+ {[%clk 00:49:57]} {[%emt
00:01:06]} 19. c3 {[%clk 01:10:20]} {[%emt 00:00:27]} Qg5 {[%clk 00:48:43]}
{[%emt 00:01:42]} 20. Rhe1 {[%clk 01:10:30]} {[%emt 00:00:20]} f5 {[%clk
00:46:53]} {[%emt 00:02:21]} 21. g3 {[%clk 01:10:39]} {[%emt 00:00:20]} f4
{[%clk 00:46:13]} {[%emt 00:01:08]} 22. gxf4 {[%clk 01:11:02]} {[%emt
00:00:10]} Qxf4 {[%clk 00:46:30]} {[%emt 00:00:12]} 23. Re2 {[%clk 01:10:59]}
{[%emt 00:00:34]} b6 {[%clk 00:44:24]} {[%emt 00:02:35]} 24. Rf1 {[%clk
01:11:04]} {[%emt 00:00:26]} Qb8 {[%clk 00:43:42]} {[%emt 00:01:04]} 25. Nxb6
{[%clk 01:09:39]} {[%emt 00:02:03]} Qxb6 {[%clk 00:43:58]} {[%emt 00:00:14]}
26. Rf3 {[%clk 01:09:57]} {[%emt 00:00:12]} Qxb2+ {[%clk 00:43:33]} {[%emt
00:00:55]} 27. Ke1 {[%clk 01:09:43]} {[%emt 00:00:43]} Qxc3+ {[%clk 00:42:54]}
{[%emt 00:01:10]} 28. Kf2 {[%clk 01:09:42]} {[%emt 00:00:28]} Qxd3 {[%clk
00:41:10]} {[%emt 00:02:16]} 29. Rf7 {[%clk 01:08:40]} {[%emt 00:01:32]} Ba6
{[%clk 00:40:30]} {[%emt 00:01:10]} 30. Re1 {[%clk 01:08:03]} {[%emt 00:01:07]}
Qd2+ {[%clk 00:39:52]} {[%emt 00:01:06]} 31. Kf3 {[%clk 01:05:59]} {[%emt
00:02:36]} Qxe1 {[%clk 00:39:42]} {[%emt 00:00:41]} 32. Ng2 {[%clk 01:05:52]}
{[%emt 00:00:37]} Qf1+ {[%clk 00:39:42]} {[%emt 00:00:30]} 33. Kg3 {[%clk
01:05:48]} {[%emt 00:00:33]} Qxf7 {[%clk 00:39:47]} {[%emt 00:00:24]} 34. Nf4
{[%clk 01:05:43]} {[%emt 00:00:36]} Re1 {[%clk 00:38:30]} {[%emt 00:01:47]} 35.
h4 {[%clk 01:05:26]} {[%emt 00:00:48]} Rg1+ {[%clk 00:38:23]} {[%emt 00:00:30]}
36. Kf3 {[%clk 01:05:41]} {[%emt 00:00:22]} Rf1+ {[%clk 00:38:44]} {[%emt
00:00:09]} 37. Kg3 {[%clk 01:05:56]} {[%emt 00:00:15]} Qxf4+ {[%clk 00:39:02]}
{[%emt 00:00:12]} 38. Kg2 {[%clk 01:06:07]} {[%emt 00:00:19]} Qg4+ {[%clk
00:39:03]} {[%emt 00:00:28]} 39. Kh2 {[%clk 01:06:19]} {[%emt 00:00:18]} Qg1+
{[%clk 00:39:11]} {[%emt 00:00:22]} 40. Kh3 {[%clk 01:06:29]} {[%emt 00:00:21]}
Rf3# {[%clk 00:39:27]} {[%emt 00:00:13]} 0-1

[Event "DEM U10w 2022"]
[Site "Willingen GER"]
[Date "2022.06.05"]
[Round "1"]
[White "Bacakova, Klara"]
[Black "Rutschmann, Polly"]
[Result "1-0"]
[Termination "normal"]
[Board "7"]
[WhiteElo "1169"]
[BlackElo "903"]
[WhiteClock "00:45:54"]
[BlackClock "01:06:39"]
[PlyCount "75"]
[WhiteFideId "34605762"]
[BlackFideId "34621261"]
[EventCountry "GER"]
[EventRounds "11"]
[EventType "swiss"]
[EventDate "2022.06.04"]

1. e4 {[%clk 01:15:56]} {[%emt 00:00:04]} d5 {[%clk 01:15:46]} {[%emt
00:00:12]} 2. exd5 {[%clk 01:16:10]} {[%emt 00:00:18]} Qxd5 {[%clk 01:16:02]}
{[%emt 00:00:15]} 3. Nc3 {[%clk 01:16:22]} {[%emt 00:00:18]} Qa5 {[%clk
01:16:19]} {[%emt 00:00:12]} 4. d4 {[%clk 01:16:24]} {[%emt 00:00:29]} c6
{[%clk 01:16:06]} {[%emt 00:00:14]} 5. Bf4 {[%clk 01:13:43]} {[%emt 00:03:39]}
Bf5 {[%clk 01:16:04]} {[%emt 00:00:31]} 6. Nf3 {[%clk 01:12:21]} {[%emt
00:01:53]} Nf6 {[%clk 01:15:50]} {[%emt 00:00:44]} 7. Qd2 {[%clk 01:11:08]}
{[%emt 00:01:44]} e6 {[%clk 01:15:35]} {[%emt 00:00:44]} 8. a3 {[%clk
01:09:10]} {[%emt 00:02:29]} Be7 {[%clk 01:15:04]} {[%emt 00:00:58]} 9. O-O-O
{[%clk 01:08:46]} {[%emt 00:00:56]} O-O {[%clk 01:15:06]} {[%emt 00:00:28]} 10.
Bd3 {[%clk 01:06:39]} {[%emt 00:02:38]} Nbd7 {[%clk 01:14:33]} {[%emt
00:00:59]} 11. Kb1 {[%clk 01:05:12]} {[%emt 00:02:01]} Qd8 {[%clk 01:14:40]}
{[%emt 00:00:19]} 12. Rhe1 {[%clk 01:01:28]} {[%emt 00:04:17]} a6 {[%clk
01:14:24]} {[%emt 00:00:40]} 13. h3 {[%clk 01:01:10]} {[%emt 00:00:54]} b5
{[%clk 01:14:34]} {[%emt 00:00:18]} 14. g4 {[%clk 01:01:02]} {[%emt 00:00:40]}
b4 {[%clk 01:14:24]} {[%emt 00:00:40]} 15. gxf5 {[%clk 01:00:20]} {[%emt
00:01:12]} exf5 {[%clk 01:14:25]} {[%emt 00:00:29]} 16. axb4 {[%clk 00:59:57]}
{[%emt 00:00:54]} a5 {[%clk 01:13:59]} {[%emt 00:00:45]} 17. Bxf5 {[%clk
00:54:06]} {[%emt 00:06:31]} axb4 {[%clk 01:14:05]} {[%emt 00:00:25]} 18. Ne4
{[%clk 00:51:12]} {[%emt 00:03:24]} Qa5 {[%clk 01:13:45]} {[%emt 00:00:49]} 19.
Nxf6+ {[%emt 00:01:01]} Nxf6 {[%emt 00:00:11]} 20. c3 {[%clk 00:49:38]} {[%emt
00:00:53]} bxc3 {[%clk 01:12:50]} {[%emt 00:01:24]} 21. Qxc3 {[%clk 00:48:32]}
{[%emt 00:01:37]} Qxc3 {[%clk 01:12:59]} {[%emt 00:00:21]} 22. bxc3 {[%clk
00:48:36]} {[%emt 00:00:26]} Rfc8 {[%clk 01:13:08]} {[%emt 00:00:16]} 23. Bxc8
{[%clk 00:48:53]} {[%emt 00:00:17]} Rxc8 {[%clk 01:13:16]} {[%emt 00:00:21]}
24. Rxe7 {[%clk 00:48:49]} {[%emt 00:00:35]} Kf8 {[%clk 01:11:53]} {[%emt
00:01:37]} 25. Bd6 {[%clk 00:48:02]} {[%emt 00:01:35]} g6 {[%clk 01:11:14]}
{[%emt 00:01:04]} 26. Rc7+ {[%clk 00:48:08]} {[%emt 00:00:27]} Kg7 {[%clk
01:11:06]} {[%emt 00:00:31]} 27. Rxc8 {[%clk 00:48:27]} {[%emt 00:00:18]} Ne4
{[%clk 01:09:42]} {[%emt 00:01:48]} 28. Be5+ {[%clk 00:48:27]} {[%emt
00:00:36]} Kh6 {[%clk 01:09:30]} {[%emt 00:00:27]} 29. Kc2 {[%clk 00:48:14]}
{[%emt 00:00:58]} f6 {[%clk 01:09:27]} {[%emt 00:00:34]} 30. Bg3 {[%clk
00:47:09]} {[%emt 00:01:34]} Nxg3 {[%clk 01:08:46]} {[%emt 00:01:10]} 31. fxg3
{[%clk 00:47:26]} {[%emt 00:00:13]} Kg7 {[%clk 01:07:51]} {[%emt 00:01:16]} 32.
d5 {[%clk 00:47:44]} {[%emt 00:00:23]} cxd5 {[%clk 01:08:05]} {[%emt 00:00:14]}
33. Rxd5 {[%clk 00:48:00]} {[%emt 00:00:15]} Kh6 {[%clk 01:08:15]} {[%emt
00:00:20]} 34. h4 {[%clk 00:45:46]} {[%emt 00:02:44]} Kg7 {[%emt 00:00:25]} 35.
Rc7+ {[%emt 00:00:25]} Kh6 {[%emt 00:00:17]} 36. g4 {[%emt 00:00:17]} g5 {[%clk
01:06:41]} {[%emt 00:00:32]} 37. h5 {[%clk 00:45:54]} {[%emt 00:00:30]} f5
{[%clk 01:06:39]} {[%emt 00:00:24]} 38. Rd6# {[%emt 00:00:21]} 1-0

[Event "DEM U10w 2022"]
[Site "Willingen GER"]
[Date "2022.06.05"]
[Round "1"]
[White "Subocz, Barbara"]
[Black "Reetz, Shaila"]
[Result "1-0"]
[Termination "normal"]
[Board "8"]
[WhiteElo "902"]
[BlackElo "1112"]
[WhiteClock "01:17:34"]
[BlackClock "01:09:58"]
[PlyCount "83"]
[WhiteFideId "41805658"]
[BlackFideId "34630317"]
[EventCountry "GER"]
[EventRounds "11"]
[EventType "swiss"]
[EventDate "2022.06.04"]

1. e4 {[%clk 01:15:58]} {[%emt 00:04:13]} e5 {[%clk 01:15:53]} {[%emt
00:00:07]} 2. Nf3 {[%clk 01:16:25]} {[%emt 00:00:04]} Nc6 {[%clk 01:16:16]}
{[%emt 00:00:08]} 3. Nc3 {[%clk 01:16:47]} {[%emt 00:00:08]} Bc5 {[%clk
01:16:38]} {[%emt 00:00:07]} 4. Nxe5 {[%clk 01:16:59]} {[%emt 00:00:18]} Nxe5
{[%clk 01:16:50]} {[%emt 00:00:15]} 5. d4 {[%clk 01:17:26]} {[%emt 00:00:06]}
Bb6 {[%emt 00:00:36]} 6. dxe5 {[%emt 00:00:16]} Ne7 {[%clk 01:16:11]} {[%emt
00:00:17]} 7. Qf3 {[%clk 01:17:10]} {[%emt 00:00:43]} O-O {[%clk 01:16:17]}
{[%emt 00:00:26]} 8. Bd3 {[%clk 01:17:17]} {[%emt 00:00:21]} Ng6 {[%clk
01:16:22]} {[%emt 00:00:28]} 9. Bf4 {[%clk 01:17:25]} {[%emt 00:00:21]} d6
{[%emt 00:00:42]} 10. exd6 {[%emt 00:00:12]} cxd6 {[%clk 01:15:43]} {[%emt
00:00:12]} 11. O-O-O {[%clk 01:16:57]} {[%emt 00:01:01]} Nh4 {[%clk 01:15:47]}
{[%emt 00:00:26]} 12. Qg3 {[%clk 01:16:52]} {[%emt 00:00:31]} Bd4 {[%emt
00:00:49]} 13. Nb5 {[%emt 00:00:40]} Be5 {[%clk 01:13:55]} {[%emt 00:00:56]}
14. Bxe5 {[%clk 01:16:52]} {[%emt 00:00:31]} dxe5 {[%clk 01:14:11]} {[%emt
00:00:13]} 15. Qxe5 {[%clk 01:16:18]} {[%emt 00:01:06]} Nxg2 {[%emt 00:00:22]}
16. Qg3 {[%emt 00:00:12]} Nh4 {[%clk 01:13:38]} {[%emt 00:00:28]} 17. e5 {[%clk
01:16:33]} {[%emt 00:00:15]} a6 {[%clk 01:13:17]} {[%emt 00:00:52]} 18. Nc3
{[%clk 01:16:41]} {[%emt 00:00:22]} Be6 {[%clk 01:12:58]} {[%emt 00:00:47]} 19.
Bxh7+ {[%clk 01:16:49]} {[%emt 00:00:23]} Kxh7 {[%clk 01:13:08]} {[%emt
00:00:18]} 20. Rxd8 {[%clk 01:17:13]} {[%emt 00:00:09]} Rfxd8 {[%clk 01:13:29]}
{[%emt 00:00:07]} 21. Qxh4+ {[%emt 00:00:26]} Kg8 {[%emt 00:00:17]} 22. Rg1
{[%clk 01:16:31]} {[%emt 00:00:30]} g6 {[%clk 01:13:35]} {[%emt 00:00:24]} 23.
Ne4 {[%clk 01:15:55]} {[%emt 00:01:04]} Rd7 {[%clk 01:10:36]} {[%emt 00:03:25]}
24. Nf6+ {[%clk 01:16:11]} {[%emt 00:00:21]} Kg7 {[%clk 01:10:40]} {[%emt
00:00:18]} 25. Nxd7 {[%clk 01:16:10]} {[%emt 00:00:39]} Bxd7 {[%clk 01:10:53]}
{[%emt 00:00:14]} 26. Qf6+ {[%clk 01:15:56]} {[%emt 00:00:46]} Kf8 {[%clk
01:11:05]} {[%emt 00:00:19]} 27. Re1 {[%clk 01:16:00]} {[%emt 00:00:25]} Bg4
{[%clk 01:11:06]} {[%emt 00:00:27]} 28. e6 {[%clk 01:16:10]} {[%emt 00:00:23]}
Kg8 {[%clk 01:10:47]} {[%emt 00:00:48]} 29. Qxf7+ {[%clk 01:16:15]} {[%emt
00:00:26]} Kh8 {[%clk 01:10:57]} {[%emt 00:00:18]} 30. e7 {[%clk 01:16:36]}
{[%emt 00:00:11]} Bd7 {[%clk 01:10:59]} {[%emt 00:00:26]} 31. e8=Q+ {[%emt
00:00:41]} Bxe8 {[%emt 00:00:49]} 32. Rxe8+ {[%clk 01:15:27]} {[%emt 00:00:11]}
Rxe8 {[%clk 01:11:19]} {[%emt 00:00:08]} 33. Qxe8+ {[%clk 01:15:49]} {[%emt
00:00:09]} Kh7 {[%emt 00:00:12]} 34. f4 {[%emt 00:00:06]} Kh6 {[%emt 00:00:28]}
35. h4 {[%emt 00:00:12]} Kh5 {[%clk 01:10:10]} {[%emt 00:00:41]} 36. f5 {[%clk
01:16:03]} {[%emt 00:00:17]} Kg4 {[%emt 00:00:31]} 37. fxg6 {[%emt 00:00:14]}
Kxh4 {[%clk 01:09:36]} {[%emt 00:00:17]} 38. g7 {[%clk 01:16:27]} {[%emt
00:00:08]} Kg4 {[%clk 01:09:47]} {[%emt 00:00:18]} 39. g8=Q+ {[%emt 00:00:11]}
Kf4 {[%clk 01:09:47]} {[%emt 00:00:25]} 40. Qgf7+ {[%clk 01:17:12]} {[%emt
00:00:09]} Kg5 {[%clk 01:10:05]} {[%emt 00:00:11]} 41. Qeg8+ {[%clk 01:17:34]}
{[%emt 00:00:09]} Kh6 {[%clk 01:09:58]} {[%emt 00:00:36]} 42. Qfh7# {[%emt
00:00:55]} 1-0